000 00536nam a2200181Ia 4500
005 20250423100733.0
008 250422s9999 xx 000 0 und d
020 _a9781032707884
050 _aHD 38.5 .S53/
100 _aRajiv Kumar Sharma.
245 0 _aQualitative modeling of offshore outsourcing risks in supply chain management and logistics
260 _aBoca Raton
260 _bPress Taylor & Francis Group
260 _c2024
300 _a204 p
650 _a Business logistics. Offshore outsourcing.
942 _cBK
999 _c34196
_d34196